[Event "Titled Tuesday intern op 16th Apr Early"]
[Site "Chess.com INT"]
[Date "2024.04.16"]
[Round "1"]
[White "De Winter, Arthur"]
[Black "Bynum, Jacorey"]
[Result "1-0"]
[WhiteElo "2413"]
[BlackElo "1966"]
[PlyCount "83"]
[EventDate "2024.04.16"]
[EventType "swiss (blitz)"]
[EventRounds "11"]
[EventCountry "USA"]
[SourceTitle "CB17_2024"]
[SourceDate "2024.04.24"]
[SourceVersion "1"]
[SourceVersionDate "2024.04.24"]
[SourceQuality "1"]

1. e4 c5 2. Nf3 d6 3. d4 cxd4 4. Nxd4 Nf6 5. Nc3 Nc6 6. h4 e5 7. Nb3 Be6 8. f4 exf4 9. Bxf4 d5 10. e5 Ne4 11. Nxe4 dxe4 12. Qe2 Bxb3 13. axb3 Qd4 14. c3 Qd5 15. Qc4 Rd8 16. Qxd5 Rxd5 17. Bc4 Rd8 18. b4 a6 19. Ke2 Be7 20. g3 0-0 21. Ke3 Kh8 22. Kxe4 Rde8 23. Bd5 Bd6 24. Bxc6 bxc6 25. Kd4 Bb8 26. Rxa6 Rd8+ 27. Kc4 Rc8 28. Rd1 h6 29. Rd7 g5 30. hxg5 hxg5 31. Bxg5 Bxe5 32. Bf4 Bg7 33. Rc7 Rce8 34. Rcxc6 Re2 35. Kb3 Kh7 36. b5 Rfe8 37. b6 Rg2 38. b7 Ree2 39. b8Q Rxb2+ 40. Kc4 Rxb8 41. Bxb8 Rxg3 42. Bxg3 1-0

[Event "Titled Tuesday intern op 16th Apr Early"]
[Site "Chess.com INT"]
[Date "2024.04.16"]
[Round "8"]
[White "De Winter, Arthur"]
[Black "Suyarov, Mukhammadzokhid"]
[Result "0-1"]
[WhiteElo "2413"]
[BlackElo "2405"]
[PlyCount "40"]
[EventDate "2024.04.16"]
[EventType "swiss (blitz)"]
[EventRounds "11"]
[EventCountry "USA"]
[SourceTitle "CB17_2024"]
[SourceDate "2024.04.24"]
[SourceVersion "1"]
[SourceVersionDate "2024.04.24"]
[SourceQuality "1"]

1. e4 e5 2. Nf3 Nf6 3. Nxe5 d6 4. Nf3 Nxe4 5. d4 d5 6. Bd3 Bd6 7. 0-0 0-0 8. c4 c6 9. Re1 Bf5 10. Qb3 Qd7 11. c5 Bc7 12. g3 Ba5 13. Nc3 Nxc3 14. Ne5 Qc8 15. bxc3 f6 16. Bxf5 Qxf5 17. Qxb7 fxe5 18. Be3 Nd7 19. Qxc6 Bxc3 20. Qxd5+ Kh8 0-1

[Event "Titled Tuesday intern op 16th Apr Early"]
[Site "Chess.com INT"]
[Date "2024.04.16"]
[Round "4"]
[White "Kokoszczynski, Jan"]
[Black "De Winter, Arthur"]
[Result "0-1"]
[WhiteElo "2287"]
[BlackElo "2413"]
[PlyCount "64"]
[EventDate "2024.04.16"]
[EventType "swiss (blitz)"]
[EventRounds "11"]
[EventCountry "USA"]
[SourceTitle "CB17_2024"]
[SourceDate "2024.04.24"]
[SourceVersion "1"]
[SourceVersionDate "2024.04.24"]
[SourceQuality "1"]

1. d4 e6 2. c4 c5 3. Nf3 cxd4 4. Nxd4 d5 5. g3 dxc4 6. Bg2 Nf6 7. 0-0 Bc5 8. Nb5 Qb6 9. N1c3 a6 10. Na3 0-0 11. Nxc4 Qa7 12. Bg5 Nc6 13. Bxf6 gxf6 14. Bxc6 bxc6 15. Ne4 Be7 16. e3 f5 17. Ned6 Bd7 18. Rc1 c5 19. Ne5 Rad8 20. Ndc4 Bb5 21. Qf3 Qc7 22. b3 f6 23. a4 Be8 24. Rc2 fxe5 25. Qe2 e4 26. Rfc1 Bf6 27. Na3 Qf7 28. Rxc5 Qh5 29. Qxa6 Rd1+ 30. Rxd1 Qxd1+ 31. Qf1 Qxf1+ 32. Kxf1 Be7 0-1

[Event "Menorca op 3rd"]
[Site "Ciutadella de Menorca"]
[Date "2024.04.03"]
[Round "2"]
[White "De Winter, Arthur"]
[Black "Dardha, Daniel"]
[Result "0-1"]
[WhiteElo "2413"]
[BlackElo "2630"]
[PlyCount "96"]
[EventDate "2024.04.02"]
[EventType "swiss"]
[EventRounds "9"]
[EventCountry "ESP"]
[SourceTitle "CB15_2024"]
[SourceDate "2024.04.10"]
[SourceVersion "1"]
[SourceVersionDate "2024.04.10"]
[SourceQuality "1"]

1. e4 e5 2. Nf3 Nc6 3. Bb5 Nf6 4. d3 d6 5. c3 a6 6. Ba4 g6 7. 0-0 Bg7 8. Nbd2 0-0 9. Re1 Re8 10. Nf1 h6 11. h3 d5 12. Bd2 b5 13. Bc2 Rb8 14. a4 b4 15. a5 bxc3 16. bxc3 Bb7 17. Ne3 dxe4 18. dxe4 Na7 19. Nc4 Nd7 20. Qc1 Kh7 21. h4 Nb5 22. Ne3 Nc5 23. Ng4 h5 24. Ne3 f6 25. c4 Nd4 26. Nxd4 exd4 27. Nd5 d3 28. Be3 Bxd5 29. exd5 dxc2 30. Bxc5 f5 31. Qxc2 Bxa1 32. Rxa1 Qxh4 33. d6 cxd6 34. Bxd6 Qd4 35. Rd1 Rb2 36. Rxd4 Rxc2 37. Bf4 Re1+ 38. Kh2 Re4 39. Rd7+ Kh8 40. Be3 Rexc4 41. Bb6 Rh4+ 42. Kg3 Rg4+ 43. Kh3 Rc1 44. g3 h4 45. Ra7 Rc3 46. Bc7 hxg3 47. Be5+ Kg8 48. Bxc3 gxf2 0-1

[Event "Titled Tuesday intern op 16th Jan Early"]
[Site "Chess.com INT"]
[Date "2024.01.16"]
[Round "5"]
[White "Belyakov, Bogdan"]
[Black "De Winter, Arthur"]
[Result "1-0"]
[WhiteElo "2416"]
[BlackElo "2409"]
[PlyCount "71"]
[EventDate "2024.01.16"]
[EventType "swiss (blitz)"]
[EventRounds "11"]
[EventCountry "USA"]
[SourceTitle "CB04_2024"]
[SourceDate "2023.10.16"]
[SourceVersion "1"]
[SourceVersionDate "2023.10.16"]
[SourceQuality "1"]

1. e4 c5 2. Nf3 e6 3. g3 d5 4. exd5 exd5 5. Bg2 Qe7+ 6. Qe2 Qxe2+ 7. Kxe2 Nc6 8. Re1 Nf6 9. Nc3 Be7 10. d4 Bg4 11. Kf1 Bxf3 12. Bxf3 Nxd4 13. Bd1 Ne6 14. f4 g6 15. f5 gxf5 16. Kg2 0-0-0 17. Rf1 f4 18. Bxf4 Nxf4+ 19. Rxf4 Rd6 20. Bf3 Rhd8 21. Nb5 Rb6 22. Re1 Kd7 23. Nc3 Rxb2 24. Nxd5 Rxc2+ 25. Kh3 Nxd5 26. Bxd5 f6 27. Be6+ Kc7 28. Bb3 Bd6 29. Bxc2 Bxf4 30. gxf4 Rd2 31. Bxh7 Rxa2 32. Kg3 b5 33. h4 b4 34. h5 b3 35. h6 b2 36. Bb1 1-0

[Event "Titled Tuesday intern op 16th Jan Early"]
[Site "Chess.com INT"]
[Date "2024.01.16"]
[Round "11"]
[White "Panesso Rivera, Henry"]
[Black "De Winter, Arthur"]
[Result "0-1"]
[WhiteElo "2356"]
[BlackElo "2409"]
[PlyCount "76"]
[EventDate "2024.01.16"]
[EventType "swiss (blitz)"]
[EventRounds "11"]
[EventCountry "USA"]
[SourceTitle "CB04_2024"]
[SourceDate "2023.10.16"]
[SourceVersion "1"]
[SourceVersionDate "2023.10.16"]
[SourceQuality "1"]

1. e4 c5 2. Nf3 Nc6 3. Bb5 e6 4. 0-0 Nge7 5. d4 cxd4 6. Nxd4 Ng6 7. Nc3 a6 8. Nxc6 bxc6 9. Bd3 d5 10. Qe2 Be7 11. g3 d4 12. Na4 h5 13. h4 e5 14. f3 Bh3 15. Rd1 Qc7 16. Bd2 Nf8 17. Kh2 Bd7 18. c3 g5 19. hxg5 Ne6 20. cxd4 Nxd4 21. Qf2 0-0-0 22. Rac1 Bg4 23. Bxa6+ Kb8 24. Rc3 Bb4 25. Rd3 Nxf3+ 26. Rxf3 Bxf3 27. Qxf3 Bxd2 28. Bc4 h4 29. g4 Bf4+ 30. Kh3 Rxd1 31. Qxd1 Rd8 32. Qb3+ Qb7 33. Qa3 Rd2 34. Be2 Rxe2 35. Qf8+ Ka7 36. Qc5+ Ka8 37. Qf8+ Qb8 38. Nb6+ Kb7 0-1

[Event "Titled Tuesday intern op 09th Jan Early"]
[Site "Chess.com INT"]
[Date "2024.01.09"]
[Round "11"]
[White "Caspi, Israel"]
[Black "De Winter, Arthur"]
[Result "0-1"]
[WhiteElo "2468"]
[BlackElo "2409"]
[PlyCount "122"]
[EventDate "2024.01.09"]
[EventType "swiss (blitz)"]
[EventRounds "11"]
[EventCountry "USA"]
[SourceTitle "CB03_2024"]
[SourceDate "2024.01.17"]
[SourceVersion "1"]
[SourceVersionDate "2024.01.17"]
[SourceQuality "1"]

1. e4 c5 2. Nf3 Nc6 3. d4 cxd4 4. Nxd4 e5 5. Nb5 d6 6. N1c3 a6 7. Na3 b5 8. Nd5 Nce7 9. c4 Nxd5 10. exd5 b4 11. Qa4+ Bd7 12. Qxb4 f5 13. Be2 Nf6 14. 0-0 Be7 15. Nc2 0-0 16. b3 f4 17. f3 Rb8 18. Qe1 Bf5 19. Qd1 Qb6+ 20. Kh1 Nh5 21. Bd3 Rf6 22. h3 Ng3+ 23. Kh2 Bxd3 24. Qxd3 Nxf1+ 25. Qxf1 e4 26. Bb2 Rf7 27. Bd4 Qc7 28. fxe4 f3 29. gxf3 Rbf8 30. Ne1 Bh4 31. Bf2 Bf6 32. Rd1 Be5+ 33. Kh1 Rf6 34. Bd4 Bxd4 35. Rxd4 Qd7 36. Rd2 Rh6 37. Rh2 Rh4 38. Qg2 Qe7 39. Qg3 Rh6 40. Nd3 Rg6 41. Qf2 Qf6 42. Ne1 Qf4 43. Rg2 Rh6 44. Rg3 Rff6 45. Qg2 Rfg6 46. Rxg6 Rxg6 47. Qf1 Qg3 48. Nd3 Rh6 49. Nf2 Qxf3+ 50. Qg2 Qf4 51. b4 Rg6 52. Qf1 Qf3+ 53. Kh2 Qg3+ 54. Kh1 Rf6 55. Qg2 Qxf2 56. Qxf2 Rxf2 57. c5 Kf8 58. cxd6 Ke8 59. e5 Rd2 60. e6 Rxd5 61. d7+ Ke7 0-1

[Event "Titled Tuesday intern op 19th Dec Early"]
[Site "Chess.com INT"]
[Date "2023.12.19"]
[Round "4"]
[White "De Winter, Arthur"]
[Black "Belov, Alexei"]
[Result "1-0"]
[WhiteElo "2405"]
[BlackElo "2421"]
[PlyCount "59"]
[EventDate "2023.12.19"]
[EventType "swiss (blitz)"]
[EventRounds "11"]
[EventCountry "USA"]
[SourceTitle "CB52_2023"]
[SourceDate "2023.12.27"]
[SourceVersion "1"]
[SourceVersionDate "2023.12.27"]
[SourceQuality "1"]

1. e4 e6 2. d4 d5 3. Nc3 Nf6 4. Bg5 dxe4 5. Nxe4 Be7 6. Bxf6 Bxf6 7. Nf3 0-0 8. Qd2 b6 9. 0-0-0 Bb7 10. Bd3 Nd7 11. g4 Be7 12. Kb1 c5 13. g5 cxd4 14. Nxd4 Nc5 15. Qe3 Nxd3 16. Rxd3 Qd5 17. f3 Qe5 18. h4 Rfd8 19. Rhd1 Rd5 20. f4 Qc7 21. Nc3 Rdd8 22. Nxe6 fxe6 23. Qxe6+ Kh8 24. Rd7 Rxd7 25. Rxd7 Qxf4 26. Qxe7 Rg8 27. b3 Bc6 28. Rd8 Qxh4 29. Rxg8+ Kxg8 30. Qd8+ 1-0

[Event "Titled Tuesday intern op 14th Nov Early"]
[Site "Chess.com INT"]
[Date "2023.11.14"]
[Round "2"]
[White "Salvador, Louie"]
[Black "De Winter, Arthur"]
[Result "0-1"]
[WhiteElo "2143"]
[BlackElo "2401"]
[PlyCount "92"]
[EventDate "2023.11.14"]
[EventType "swiss (blitz)"]
[EventRounds "11"]
[EventCountry "USA"]
[SourceTitle "CB47_2023"]
[SourceDate "2023.11.22"]
[SourceVersion "1"]
[SourceVersionDate "2023.11.22"]
[SourceQuality "1"]

1. e4 c5 2. Nf3 Nc6 3. d4 cxd4 4. Nxd4 e5 5. Nb5 d6 6. N1c3 a6 7. Na3 Be6 8. Nd5 Bxd5 9. exd5 Nce7 10. c4 Nf6 11. Be2 g6 12. 0-0 Bg7 13. Nc2 0-0 14. a4 Rc8 15. a5 Nd7 16. b3 f5 17. Bb2 Nc5 18. b4 Ne4 19. f3 Ng5 20. Qd2 f4 21. Bd3 Nf5 22. Rfe1 e4 23. Bxg7 e3 24. Qc3 Nxg7 25. Nd4 Qf6 26. c5 dxc5 27. bxc5 Rfd8 28. d6 Kh8 29. Qb4 N7e6 30. Nxe6 Nxe6 31. Rac1 Qd4 32. Qxd4+ Nxd4 33. Be4 Nb3 34. Bxb7 Rxc5 35. Rb1 Nxa5 36. Bxa6 Rxd6 37. Bf1 Nc6 38. Rb6 Rd2 39. Re2 Nd4 40. Re1 e2 41. Rb8+ Kg7 42. Re8 Rcc2 43. Bxe2 Rxe2 44. R8xe2 Rxe2 45. Rd1 Nf5 46. Kf1 Ra2 0-1

[Event "Hoogeveen op 26th"]
[Site "Hoogeveen"]
[Date "2023.10.27"]
[Round "8"]
[White "De Winter, Arthur"]
[Black "Krishnan, Ritvik"]
[Result "1-0"]
[WhiteElo "2397"]
[BlackElo "2176"]
[PlyCount "57"]
[EventDate "2023.10.21"]
[EventType "swiss"]
[EventRounds "9"]
[EventCountry "NED"]
[SourceTitle "Mega2024 Update 01"]
[Source "Chessbase"]
[SourceDate "2023.11.12"]
[SourceVersion "1"]
[SourceVersionDate "2023.11.12"]
[SourceQuality "1"]

1. e4 e6 2. d4 d5 3. Nc3 Nf6 4. e5 Nfd7 5. f4 c5 6. Nf3 Be7 7. Be3 b6 8. Qd2 Nc6 9. Bd3 0-0 10. h4 f5 11. h5 Bb7 12. Rg1 cxd4 13. Nxd4 Nxd4 14. Bxd4 Nc5 15. 0-0-0 Ne4 16. Qe3 Rc8 17. g4 Nxc3 18. bxc3 Ba3+ 19. Kd2 fxg4 20. Rxg4 Kh8 21. f5 Bc5 22. Rdg1 Rc7 23. h6 Rg8 24. hxg7+ Rcxg7 25. Rxg7 Rxg7 26. Rxg7 Kxg7 27. f6+ Kh8 28. Bxc5 bxc5 29. Qxc5 1-0

[Event "Hoogeveen op 26th"]
[Site "Hoogeveen"]
[Date "2023.10.23"]
[Round "3"]
[White "Van Foreest, Machteld"]
[Black "De Winter, Arthur"]
[Result "0-1"]
[WhiteElo "2266"]
[BlackElo "2397"]
[PlyCount "108"]
[EventDate "2023.10.21"]
[EventType "swiss"]
[EventRounds "9"]
[EventCountry "NED"]
[SourceTitle "Mega2024 Update 01"]
[Source "Chessbase"]
[SourceDate "2023.11.12"]
[SourceVersion "1"]
[SourceVersionDate "2023.11.12"]
[SourceQuality "1"]

1. e4 c5 2. c3 Nf6 3. e5 Nd5 4. d4 cxd4 5. Nf3 Nc6 6. cxd4 d6 7. Bc4 Nb6 8. Bb3 dxe5 9. Nxe5 Nxe5 10. dxe5 Qxd1+ 11. Kxd1 Bd7 12. Nc3 Bc6 13. f3 e6 14. Be3 Nd7 15. Bf4 g5 16. Bg3 h5 17. h3 Rg8 18. Ba4 Bxa4+ 19. Nxa4 Bg7 20. Re1 Ke7 21. Nc3 Rac8 22. Rc1 Rc5 23. Bf2 Rxe5 24. Rxe5 Bxe5 25. Bxa7 g4 26. hxg4 hxg4 27. Bf2 Bf4 28. Rc2 Ne5 29. Bh4+ f6 30. Ne4 Nd7 31. Ke2 Be5 32. Ke3 gxf3 33. gxf3 Rh8 34. Bg3 Bxg3 35. Nxg3 f5 36. Rc7 b6 37. Ne2 Rh2 38. Rc2 e5 39. Rd2 Nc5 40. Rd1 f4+ 41. Kd2 e4 42. Rf1 e3+ 43. Kd1 Nd3 44. Rg1 Nxb2+ 45. Ke1 Nd3+ 46. Kd1 Rf2 47. Rg5 Rxf3 48. Kc2 Nc5 49. Re5+ Kd6 50. Re8 Rf2 51. Kd1 Kd7 52. Rf8 f3 53. Nc3 Nd3 54. a3 Rd2# 0-1

[Event "NED-chT 2324"]
[Site "Netherlands"]
[Date "2023.09.16"]
[Round "1.2"]
[White "Maatman, Nick"]
[Black "De Winter, Arthur"]
[Result "0-1"]
[WhiteElo "2387"]
[BlackElo "2393"]
[PlyCount "76"]
[EventDate "2023.09.16"]
[EventType "team-tourn"]
[EventRounds "9"]
[EventCountry "NED"]
[SourceTitle "EXT 2024"]
[Source "ChessBase"]
[SourceDate "2023.10.10"]
[SourceVersion "1"]
[SourceVersionDate "2023.10.10"]
[SourceQuality "1"]
[WhiteTeam "Groningen Combinatie"]
[BlackTeam "Amstelveen Zukertort"]
[WhiteTeamCountry "NED"]
[BlackTeamCountry "NED"]

1. d4 Nf6 2. Nf3 g6 3. c4 Bg7 4. Nc3 0-0 5. Bg5 d6 6. e3 h6 7. Bh4 c5 8. Be2 g5 9. Bg3 Nh5 10. dxc5 Nxg3 11. hxg3 dxc5 12. Qc2 e6 13. Rd1 Qe7 14. Nh2 f5 15. g4 Nc6 16. gxf5 exf5 17. Nd5 Qf7 18. f4 Nb4 19. Nxb4 cxb4 20. fxg5 hxg5 21. Nf3 Qe7 22. c5 Qxe3 23. Rd3 Qe7 24. Rd6 Rf6 25. Qd2 Be6 26. Qxb4 Re8 27. 0-0 g4 28. Nd4 Bf7 29. Rxf6 Qe3+ 30. Kh1 Bxf6 31. Nxf5 Qxe2 32. Qf4 Qe5 33. Nh6+ Kg7 34. Nf5+ Kg8 35. Nh6+ Kg7 36. Nf5+ Kf8 37. Qh6+ Kg8 38. Nd6 Bg5 0-1

[Event "Titled Tuesday intern op 29th Aug Early"]
[Site "Chess.com INT"]
[Date "2023.08.29"]
[Round "10"]
[White "De Winter, Arthur"]
[Black "Boros, Denes"]
[Result "0-1"]
[WhiteElo "2360"]
[BlackElo "2399"]
[PlyCount "48"]
[EventDate "2023.08.29"]
[EventType "swiss (blitz)"]
[EventRounds "11"]
[EventCountry "USA"]
[SourceTitle "EXT 2024"]
[Source "ChessBase"]
[SourceDate "2023.10.10"]
[SourceVersion "1"]
[SourceVersionDate "2023.10.10"]
[SourceQuality "1"]

1. e4 e5 2. Bc4 c6 3. d4 d5 4. exd5 cxd5 5. Bb5+ Bd7 6. Bxd7+ Nxd7 7. dxe5 Nxe5 8. Nf3 Nxf3+ 9. Qxf3 Qe7+ 10. Kd1 0-0-0 11. Re1 Qd7 12. Bf4 Bd6 13. Qc3+ Kb8 14. Qxg7 Bxf4 15. Qxh8 d4 16. Nd2 d3 17. c3 Qg4+ 18. Kc1 Qxg2 19. Rd1 Qxf2 20. Qxh7 Nf6 21. Qxf7 Ne4 22. Qe7 Bxd2+ 23. Kb1 Bg5 24. Qxe4 Qc2# 0-1

[Event "Titled Tuesday intern op 29th Aug Early"]
[Site "Chess.com INT"]
[Date "2023.08.29"]
[Round "1"]
[White "De Winter, Arthur"]
[Black "Lopez Idarraga, Daniel Eduardo"]
[Result "1-0"]
[WhiteElo "2360"]
[BlackElo "2009"]
[PlyCount "57"]
[EventDate "2023.08.29"]
[EventType "swiss (blitz)"]
[EventRounds "11"]
[EventCountry "USA"]
[SourceTitle "EXT 2024"]
[Source "ChessBase"]
[SourceDate "2023.10.10"]
[SourceVersion "1"]
[SourceVersionDate "2023.10.10"]
[SourceQuality "1"]

1. e4 c6 2. Nc3 d5 3. Nf3 Bg4 4. h3 Bxf3 5. Qxf3 e6 6. d4 dxe4 7. Qxe4 Nd7 8. Bd3 Bb4 9. 0-0 Ngf6 10. Qf3 0-0 11. Ne2 Qa5 12. c3 Be7 13. Ng3 Qd5 14. Ne4 c5 15. Be3 b6 16. Rfd1 cxd4 17. Bxd4 Qh5 18. g4 Qa5 19. Bc2 Rfd8 20. Kg2 Nxe4 21. Qxe4 Nf8 22. a4 Qd5 23. Qxd5 Rxd5 24. Be4 Rad8 25. Bxd5 Rxd5 26. a5 Bc5 27. axb6 axb6 28. Bxc5 Rxc5 29. Ra8 1-0